000 00557nam a2200193 4500
003 OSt
005 20170327154333.0
008 170327b xxu||||| |||| 00| 0 eng d
020 _a0063182491
040 _c040a
082 _aWY 101
_bR556c 1983
245 _aCaring for the dying patient and the family /
_cJoy Robbins
260 _aLondon
_bHarper&Row Publishers
_c1983
300 _aviii, 205p;
_c10 cm.
504 _aIncludes bibliographical references and index
650 _aPatient care
_99981
700 _aRobbins, Joy
_911968
942 _2z
_cO_SHELF
999 _c5754
_d5754